Teacher education in modern democracies / (Record no. 127897)

MARC details
000 -LEADER
fixed length control field 00666nam a22002297a 4500
005 - DATE AND TIME OF LATEST TRANSACTION
control field 20170124110032.0
010 ## - LIBRARY OF CONGRESS CONTROL NUMBER
LC control number 522387
020 ## - INTERNATIONAL STANDARD BOOK NUMBER
Terms of availability 12.00
035 ## - SYSTEM CONTROL NUMBER
System control number 522387
037 ## - SOURCE OF ACQUISITION
Source of stock number/acquisition Cen Lib/Ret
040 ## - CATALOGING SOURCE
Original cataloging agency DPL
Language of cataloging EN
082 ## - DEWEY DECIMAL CLASSIFICATION NUMBER
Classification number 370.73
Item number DIK
100 ## - MAIN ENTRY--PERSONAL NAME
Personal name Dikshit, S. S
9 (RLIN) 21859
245 ## - TITLE STATEMENT
Title Teacher education in modern democracies /
Statement of responsibility, etc by S. S. Dikshit
260 ## - PUBLICATION, DISTRIBUTION, ETC. (IMPRINT)
Place of publication, distribution, etc Jullunder
Name of publisher, distributor, etc Sterling Publishers
Date of publication, distribution, etc 1969
270 ## - ADDRESS
Address 695, Model Town
City Jullunder
300 ## - PHYSICAL DESCRIPTION
Extent xii,106p.
Dimensions 21cm(Hb)
500 ## - GENERAL NOTE
General note Includes index and bibliography
650 ## - SUBJECT ADDED ENTRY--TOPICAL TERM
Topical term or geographic name as entry element Education
9 (RLIN) 1169
650 ## - SUBJECT ADDED ENTRY--TOPICAL TERM
Topical term or geographic name as entry element Education-Social aspects
9 (RLIN) 8711
942 ## - ADDED ENTRY ELEMENTS (KOHA)
Source of classification or shelving scheme Dewey Decimal Classification
Koha item type English Books
Classification part 570.73
Call number suffix DIK
Holdings
Withdrawn status Lost status Damaged status Not for loan Home library Current library Date acquired Source of acquisition Cost, normal purchase price Total Checkouts Full call number Barcode Date last seen Copy number Cost, replacement price Price effective from Koha item type Public note
Written off       Central Library Central Library 30/06/2015 Cen Lib/Ret 12.00   370.73 DIK 522387 30/06/2015 1 12.00 30/06/2015 English Books W/d List No. 6897/5 ; dtd 19/10/2020

© Delhi Public Library
Hit Counter
free hit counter